Amadis de Gaula (Record no. 23515)

MARC details
000 -LEADER
campo de control de longitud fija 00460nam a2200145 i 4500
001 - NÚMERO DE CONTROL
campo de control 23515
003 - IDENTIFICADOR DE NÚMERO DE CONTROL
campo de control ES-MaACL
007 - CAMPO FIJO DE DESCRIPCIÓN FÍSICA--INFORMACIÓN GENERAL
campo de control de longitud fija t|
008 - DATOS DE LONGITUD FIJA--INFORMACIÓN GENERAL
campo de control de longitud fija 021211s1971 mx ||||1| spa d
245 00 - MENCIÓN DEL TÍTULO
Título Amadis de Gaula
Resto del título : libros de caballerías /
Mención de responsabilidad, etc. selección y prólogo por Ramón María Tenreiro.
260 ## - PUBLICACIÓN, DISTRIBUCIÓN, ETC.
Lugar de publicación, distribución, etc. México :
Nombre del editor, distribuidor, etc. Ed. Nacional,
Fecha de publicación, distribución, etc. [1971]
300 ## - DESCRIPCIÓN FÍSICA
Extensión 292 p. :
Otras características físicas il. ;
Dimensiones 17 cm.
700 1# - ENTRADA AGREGADA--NOMBRE PERSONAL
Nombre de persona Tenreiro, Ramón María.
9 (RLIN) 109707
852 ## - LOCALIZACIÓN
Ubicación ES-MaACL
Número de control de estantería E-9331
Sublocalización o colección R.93700
Holdings
Estatus retirado Estado de pérdida Estado de daño No para préstamo Biblioteca de origen Biblioteca actual Ubicación en estantería Fecha de adquisición Fuente de adquisición Total de préstamos Signatura topográfica completa Código de barras Visto por última vez Precio de reemplazo Tipo de ítem Koha
        Biblioteca del Ateneo de Madrid Biblioteca del Ateneo de Madrid Depósito 2 17/01/2008     E-9331 1024230 23/02/2023 23/02/2023 Libro impreso